Normal view MARC view

Entry Nombre personal

Number of records used in: 1

001 - NÚMERO DE CONTROL

  • campo de control: 111677

003 - IDENTIFICADOR DE NÚMERO DE CONTROL

  • campo de control: OSt

005 - FECHA Y HORA DE LA ÚLTIMA TRANSACCIÓN

  • campo de control: 20260420142623.0

008 - ELEMENTOS DE DATO DE LONGITUD-FIJA

  • campo de control de longitud fija: 260420|| aca||aabn | a|a d

024 7# - IDENTIFICADOR DE OTROS ESTÁNDARES

  • Fuente: viaf
  • Número estándar o código: http://viaf.org/viaf/151179945

024 7# - IDENTIFICADOR DE OTROS ESTÁNDARES

  • Fuente: wikipedia
  • Número estándar o código: https://es.wikipedia.org/wiki/Fuensanta_Nieto

040 ## - FUENTE DE CATALOGACIÓN

  • Centro catalogador/agencia de origen: M-RABA

046 ## - FECHAS CON CODIFICACIÓN ESPECIAL

  • Fecha de nacimiento: 1957

100 ## - ENCABEZAMIENTO-NOMBRE DE PERSONA

  • Nombre de persona: Nieto de la Cierva, Fuensanta (
  • Fechas asociadas al nombre: 1957-

372 ## - CAMPO DE ACTIVIDAD

  • Campo de actividad: Arquitectura
  • Campo de actividad: Arquitectura museística

374 ## - OCUPACIÓN

  • Ocupación: Arquitecta

375 ## - GÉNERO/SEXO

  • Género: Mujer

377 ## - IDIOMA ASOCIADO

  • Término de lengua/lenguaje: Español

400 ## - TRAZADO DE VÉASE--NOMBRE DE PERSONA

  • Nombre de persona: Nieto, Fuensanta (
  • Fechas asociadas al nombre: 1957-)

670 ## - FUENTE DE DATOS ENCONTRADOS

  • Cita de la fuente: El museo en mutación memoria e invención, 2026
  • Información encontrada: port. (Fuensanta Nieto de la Cierva)

Powered by Koha